100 Biggest Cities of Costa Rica on a Map - Statistics

General Stats
  • This quiz has been taken 185 times
  • The average score is 16 of 100
Answers on the Map
Answers color-coded by a green-red scale on the quiz's map according to % correct below.
 
Answer Stats
Population City % Correct
1,453,500 San José
100%
65,300 Limón
66%
196,900 Alajuela
63%
367,900 Heredia
62%
232,300 Cartago
58%
59,100 Liberia
58%
87,500 Puntarenas
55%
16,600 Santa Cruz de Guanacaste
37%
38,800 Guápiles
35%
18,700 Buenos Aires de Puntarenas
34%
38,300 Grecia
32%
4,860 Palmar
32%
40,600 San Ramón de los Palmares
31%
29,900 Turrialba
29%
10,500 Puerto Viejo de Sarapiquí
28%
66,300 San Isidro de El General
26%
28,600 Esparza
25%
9,140 San Pedro de Poás
25%
7,980 Golfito
23%
17,300 Nicoya
23%
30,700 Palmares de Alajuela
23%
12,200 San Miguel de Santo Domingo
23%
22,700 Cañas
22%
14,400 Jacó
22%
7,600 San Marcos de Tarrazú
22%
22,800 Siquirres
22%
6,680 La Cruz
20%
15,400 La Fortuna
20%
4,430 Santa Rosa de Pocosol
20%
9,300 Atenas
18%
8,030 Miramar
18%
4,330 San Pablo de León Cortés
18%
6,220 Belén
17%
6,460 Los Chiles
17%
32,300 Quesada de San Carlos
17%
6,180 San Vito
17%
8,050 Bagaces
15%
3,740 Cahuita
15%
11,700 Florencia
15%
26,000 Cariari
14%
19,900 Naranjo de Alajuela
14%
8,640 Orotina
14%
31,900 San Isidro de Heredia
14%
8,170 Santiago de Puriscal
14%
3,870 Tamarindo
14%
6,120 Upala
14%
9,550 Canoas
12%
4,940 Matina
12%
4,210 Puerto Jiménez
12%
6,670 Sarchí
12%
3,430 Cartagena
11%
10,800 Parrita
11%
7,560 Tilarán
11%
11,000 Batán
9%
5,600 Filadelfia de Guanacaste
9%
6,420 Orosi
9%
4,670 Cervantes
8%
13,800 Guácimo
8%
12,800 Neily
8%
5,490 Palmira de Carrillo
8%
11,200 Sardinal
8%
4,270 Las Juntas
6%
6,630 Pocora
6%
5,140 Puerto Cortés
6%
7,700 Río Claro
6%
9,670 Rita
6%
10,500 Aguas Zarcas
5%
9,180 Cot
5%
4,090 El Cairo
5%
3,530 Pacayas
5%
12,000 Pital
5%
57,500 San Rafael de Alajuela
5%
4,510 Sixaola
5%
5,150 Tierra Blanca
5%
2,980 Zarcero
5%
3,150 Cachí
3%
9,290 Carrillos
3%
5,250 La Suiza
3%
2,850 Lepanto
3%
4,630 Tárcoles
3%
3,200 Tempate
3%
5,940 Turrúcares
3%
4,740 Carrizal
2%
6,590 Garita
2%
3,780 Río Jiménez
2%
4,550 San José de la Montaña
2%
2,840 San Rafael de Guatuso
2%
7,640 Carrandi
0%
5,010 Juan Viñas
0%
4,360 Pacuarito
0%
2,920 Pavones
0%
16,100 Puerto Quepos
0%
4,620 Purabá
0%
7,900 Roxana
0%
4,000 San Isidro de Grecia
0%
6,060 San José de Grecia
0%
4,460 Tacares
0%
12,100 Tobosi
0%
2,650 Tucurrique
0%
2,560 Vuelta de Jorco
0%
No matching quizzes found
Score Distribution
Percent of People with Each Score
Percentile by Number Answered
Your Score History
You have not taken this quiz